书目信息 |
| 题名: |
组合冲模与简易冲模
|
|
| 作者: | 朱瑞录 编 | |
| 分册: | ||
| 出版信息: | 上海 上海科学技术出版社 1983.10 |
|
| 页数: | 166页 | |
| 开本: | 20cm | |
| 丛书名: | ||
| 单 册: | ||
| 中图分类: | TG38 | |
| 科图分类: | ||
| 主题词: | 冷冲击 , 钣金工 | |
| 电子资源: | ||
| ISBN: | ||
| 000 | 00561nam0 2200205 45 | |
| 001 | 0312221749 | |
| 005 | 20031222170911.2 | |
| 010 | @dCNY0.71 | |
| 100 | @a20031222d1983 km y0chiy0120 ea | |
| 101 | @achi | |
| 105 | @a z 000yy | |
| 200 | 1 | @a组合冲模与简易冲模@AZu He Chong Mo Yu Jian Yi Chong Mo@f朱瑞录编@FZhu Rui Lu Bian |
| 210 | @a上海@c上海科学技术出版社@d1983.10 | |
| 215 | @a166页@d20cm | |
| 606 | 0 | @a冷冲击 |
| 606 | 0 | @a钣金工 |
| 690 | @aTG38@v3 | |
| 701 | 0 | @a朱瑞录@4编 |
| 801 | @aCN@bTSTCL@c20031222 | |
| 905 | @a213230@dTG38@e4@b203902-903@f2 | |
| 组合冲模与简易冲模/朱瑞录编.-上海:上海科学技术出版社,1983.10 |
| 166页;20cm |
| ISBN :CNY0.71 |
| ● |
| 相关链接 |
|
|
|
|
正题名:组合冲模与简易冲模
索取号:TG38/4
 
预约/预借
| 序号 | 登录号 | 条形码 | 馆藏地/架位号 | 状态 | 备注 |
| 1 | 0203902 | 001362279 | 第三借阅区/ [索取号:TG38/4] | 在馆 | |
| 2 | 0203903 | 001362288 | 第二样本阅览室/ [索取号:TG38/4] | 在馆 |